Music Quiz

Random Music or Clickable Quiz

Name The Maknae of K-pop Boy Groups Quiz Stats

 Plays Quiz not verified by Sporcle

Challenge
Share
Tweet
Embed
Score 0/60 Timer 15:00
1 Play Today
% Correct
Jungkook
92.6%
Sehun
87.3%
Seungri
86.1%
Yugyeom
84.8%
Taemin
84.4%
Dino
75.8%
Kyuhyun
73.8%
I.M
73.4%
Zelo
72.5%
Hyuk
72.1%
Guan Lin
68.6%
Sungjae
68%
Ren
64.8%
Sanha
64.3%
P.O
63.5%
Changmin
61.9%
Sungjong
60.2%
Haechan
60%
Chanwoo
59.8%
Seungyoon
57.8%
Gongchan
56.6%
Chani
53.3%
Chansung
51.2%
Mir
50.4%
Andy
49.2%
Changjo
48.4%
Jungshin
48%
Wooseok
46.7%
Xiao
45.5%
Minwoo
43.4%
% Correct
Dongwoon
42.9%
Jun
41.4%
Junsu
41%
Yano
36.9%
Heejun
36.2%
Dowoon
36.1%
Jinwoon
34%
H.O
32.4%
Dongjun
31.1%
Yi Bo
30.7%
Hyungjoon
30.3%
Minhwan
29.9%
Ziu
29.5%
Hojung
27.6%
Heedo
25.7%
Suwoong
25%
Chaejin
23.8%
Ungjae
22.9%
Sancheong
22.1%
Kangmin
21.9%
Hoesung
21.3%
Yongseok
20.9%
Jude
20.9%
Hyukjin
20%
Yoondong
19%
Hanhae
16.8%
Taehwan
16.2%
Sebin
16%
Yejun
13.5%
Jay
11.9%

You're not logged in!

Compare scores with friends on all Sporcle quizzes.
OR
Log In

You Might Also Like...

Show Comments

Extras

Top Quizzes Today


Score Distribution

Your Account Isn't Verified!

In order to create a playlist on Sporcle, you need to verify the email address you used during registration. Go to your Sporcle Settings to finish the process.

Report this User

Report this user for behavior that violates our Community Guidelines.

Details: